[Event "SVK-ch U08"]
[Site "Tatralandia"]
[Date "2025.05.14"]
[Round "5"]
[White "Svorca, Lubomir"]
[Black "Halcin, Daniel"]
[Result "1-0"]
[WhiteElo "1000"]
[BlackElo "1092"]
[PlyCount "95"]
[EventDate "2025.05.11"]
[EventType "swiss"]
[EventRounds "9"]
[EventCountry "SVK"]
[SourceTitle "CB21_2025"]
[SourceDate "2025.05.21"]
[SourceVersion "1"]
[SourceVersionDate "2025.05.21"]
[SourceQuality "1"]

1. e4 e5 2. Nf3 Nc6 3. Nc3 Nf6 4. Bb5 Bb4 5. 0-0 0-0 6. a3 Ba5 7. b4 Bb6 8. d3 Ng4 9. Bg5 Ne7 10. Nd5 Nxf2 11. Nxe7+ Kh8 12. Qe2 Ng4+ 13. d4 Qe8 14. Ng6+ fxg6 15. Nxe5 Rxf1+ 16. Qxf1 Bxd4+ 17. Kh1 Bxa1 18. Nf7+ Kg8 19. Bc4 h6 20. Nd6+ Kh7 21. Nxe8 hxg5 22. Qxa1 Nf2+ 23. Kg1 Kh6 24. Qxg7+ Kh5 25. Qh7+ Kg4 26. Kxf2 d6 27. Qh3+ Kf4 28. g3+ Kxe4 29. Qh6 Kd4 30. Bd3 Bd7 31. Qxg6 Kc3 32. Qg7+ Kd2 33. Qxd7 Kc1 34. Nxc7 Rf8+ 35. Kg2 Kb2 36. Qg7+ Kxa3 37. Qxf8 Kxb4 38. Qxd6+ Kc3 39. Nb5+ Kd2 40. Qb4+ Ke3 41. h4 gxh4 42. gxh4 a6 43. Qd4+ Kd2 44. h5 axb5 45. h6 Kc1 46. h7 Kb1 47. h8Q Ka2 48. Qb2# 1-0